Pays et années des Euro de football - Click Quiz - Statistiques

Statistiques générales
  • Ce quiz a été pris 1 382 fois
    645 depuis la dernière actualisation
  • Le résultat moyen est 8 sur 17
Statistiques - réponses
Hint Extra Hint Réponse % Correct
Organisateur : France Vainqueur : Portugal 2016
78%
Organisateur : Portugal Vainqueur : Grèce 2004
75%
Organisateurs : Toute l'Europe Vainqueur : Italie 2021
68%
Organisateurs : Belgique/Pays-Bas Vainqueur : France 2000
65%
Organisateurs : Pologne/Ukraine Vainqueur : Espagne 2012
59%
Organisateur : France Vainqueur : France 1984
54%
Organisateurs : Autriche/Suisse Vainqueur : Espagne 2008
53%
Organisateur : Suède Vainqueur : Danemark 1992
50%
Organisateur : Allemagne Vainqueur : Espagne 2024
50%
Organisateur : France Vainqueur : URSS 1960
41%
Organisateur : Allemagne Vainqueur : Pays-Bas 1988
38%
Organisateur : Angleterre Vainqueur : Allemagne 1996
29%
Organisateur : Espagne Vainqueur : Espagne 1964
27%
Organisateur : Yougoslavie Vainqueur : Tchécoslovaquie 1976
26%
Organisateur : Italie Vainqueur : Italie 1968
25%
Organisateur : Belgique (seule) Vainqueur : Allemagne 1972
20%
Organisateur : Italie Vainqueur : Allemagne 1980
20%
Aucun quiz correspondant
Distribution des résultats
% des personnes avec chaque résultat
Percentile par nombre de réponses
Votre historique - résultats
Vous n’avez pas pris ce quiz depuis la dernière actualisation